Normal view
MARC view
Entry Topical Term
001 - CONTROL NUMBER
- control field: 23811
003 - CONTROL NUMBER IDENTIFIER
- control field: OSt
005 - DATE AND TIME OF LATEST TRANSACTION
- control field: 20211105134812.0
008 - FIXED-LENGTH DATA ELEMENTS
- fixed length control field: 211105|| aca||aabn | a|a d
040 ## - CATALOGING SOURCE
- Original cataloging agency: OSt
- Transcribing agency: OSt
150 ## - HEADING--TOPICAL TERM
- Topical term or geographic name entry element: Boron
670 ## - SOURCE DATA FOUND
- Source citation: Work cat.: (OSt): Conference on LiBeB, Cosmic Rays and Related X- and Gamma-Rays Paris, France 1998 Dec. 9-11 23810, LiBeB, cosmic rays and related X- and gamma-rays, 1999